Procrastination: the personality and situational correlates of procrastination behavior for achievement tests
Saved in:
| Main Author: | |
|---|---|
| Format: | Book |
| Language: | English |
| Published: |
1979.
|
| Subjects: | |
| Tags: |
Add Tag
No Tags, Be the first to tag this record!
|
| LEADER | 00796nam a2200253Ia 4500 | ||
|---|---|---|---|
| 001 | 001076255-8 | ||
| 005 | 20020606090541.3 | ||
| 008 | 830630s1979 miu b 00010 eng u | ||
| 035 | 0 | |a ocm09661147 | |
| 040 | |c HMG | ||
| 050 | 4 | |a LB1065 |b .T39 | |
| 100 | 1 | |a Taylor, Robert R., |d 1948- | |
| 245 | 1 | 0 | |a Procrastination: the personality and situational correlates of procrastination behavior for achievement tests |h microform / |c Robert R. Taylor. |
| 260 | 0 | |c 1979. | |
| 300 | |a vii, 182 leaves : |b ill. ; |c 29 cm. | ||
| 500 | |a Vita. | ||
| 500 | |a "79-21986." | ||
| 502 | |a Thesis (Ph.D.)--Louisiana State University, Baton Rouge. | ||
| 504 | |a Bibliography: leaves 194-196. | ||
| 650 | 0 | |a Procrastination. | |
| 650 | 0 | |a Personality. | |
| 650 | 0 | |a Achievement motivation. | |
| 988 | |a 20020608 | ||
| 906 | |0 MH | ||


